Detalles MARC
| 000 -LIDER |
| fixed length control field |
01086nam a22002777a 4500 |
| 001 - NÚMERO DE CONTROL |
| Identificador de número de control |
0010300 |
| 003 - IDENTIFICACDOR DE NÚMERO DE CONTROL |
| control field |
DO-SdBPM |
| 005 - DATE AND TIME OF LATEST TRANSACTION |
| control field |
20250110091231.0 |
| 007 - CAMPOS FIJOS DE DESCRIPCIÓN FÍSICA |
| fixed length control field |
10300 |
| 008 - ELEMENTOS DE LONGITUD FIJA |
| fixed length control field |
160905b1990 sp |||| 00| 0 spa d |
| 020 ## - ISBN |
| International Standard Book Number |
9788476582039 |
| 040 ## - FUENTE DE CATALOGACIÓN |
| Agencia que crea de manera original el registro |
DO-SdBPM |
| Idioma de catalogación |
spa |
| Agencia que realiza la transcripción |
BPMSU |
| 082 #4 - NÚMERO DE CLASIFICACIÓN DECIMAL DE DEWEY |
| Classification number |
410 |
| Item number |
H919s 1990 |
| Edition number |
22 |
| 092 ## - LOCALLY ASSIGNED DEWEY DECIMAL CALL NUMBER |
| Número de clasificación |
xxxxxxx |
| Número de ítem (Cutter) |
xxxxxxx |
| 100 1# - ASIENTO PRINCIPAL -- NOMBRE PERSONAL |
| Nombre personal |
Humboldt, Wilheim Von |
| Fechas asociadas con el nombre |
1767-1835 |
| 245 10 - MENCIÓN DE TITULO |
| Título |
Sobre la diversidad de la estructura del lenguaje humano y su influencia sobre el desarrollo espiritual de la humanidad / |
| Mención de responsabilidad |
Wilhelm Von Humboldt ; traducción y prólogo Ana Agud |
| 260 ## - PUBLICACIÓN, DISTRIBUCIÓN, ETC. (PIE DE IMPRENTA) |
| Lugar de publicación, distribución, etc |
Barcelona : |
| Nombre del editor, distribuidor, etc. |
Ministerio de Educación y Ciencia, |
| Fecha de publicación, distribución, etc |
1990. |
| 300 ## - DESCRIPCIÓN FÍSICA |
| Extensión |
435 p. ; |
| Dimensiones |
20 cm. |
| 490 0# - MENCIÓN DE SERIES |
| Mención de serie |
Textos y temas ; |
| -- |
Lingüística, |
| Volume/sequential designation |
1 |
| 534 ## - NOTA SOBRE LA VERSIÓN ORIGINAL |
| Frase introductoria |
Título original. |
| Mención del título original |
Über die verschiedenheit des menschlichen sprachbaues und ihren einfluss auf die geistige entwickelung des menschengeschlechts. |
| Asiento principal del original |
|
| 590 ## - NOTA LOCAL |
| Texto de la nota local |
Inventariado, 2025/VM |
| 650 #4 - ENCABEZAMIENTO DE MATERIA--TEMÁTICO |
| Término temático o nombre geográfico como elemento de entrada |
Lenguaje y lenguas. |
| 700 1# - ASIENTO SECUNDARIO -- NOMBRE PERSONAL |
| Nombre personal |
Agud, Ana, |
| Mención de responsabilidad |
traductora |
| 910 ## - VALIDACIÓN |
| Validación |
VMateo V. Control de calidad. BPMSU |
| 942 ## - ADDED ENTRY ELEMENTS (KOHA) |
| Source of classification or shelving scheme |
Dewey Decimal Classification |
| Koha item type |
Libros |